Kakali (Record no. 98231)

MARC details
000 -LEADER
fixed length control field 00370nam a2200133Ia 4500
008 - FIXED-LENGTH DATA ELEMENTS--GENERAL INFORMATION
fixed length control field 211118s9999||||xx |||||||||||||| ||und||
082 ## - DEWEY DECIMAL CLASSIFICATION NUMBER
Classification number 894.812 3
Item number KOC-K
100 ## - MAIN ENTRY--PERSONAL NAME
Personal name Kochubava, T V
245 #0 - TITLE STATEMENT
Title Kakali
260 ## - PUBLICATION, DISTRIBUTION, ETC.
Name of publisher, distributor, etc. D c Books
Place of publication, distribution, etc. Kottayam
Date of publication, distribution, etc. 1998
630 ## - SUBJECT ADDED ENTRY--UNIFORM TITLE
General subdivision Malayalam FictionGeneral Stack
650 ## - SUBJECT ADDED ENTRY--TOPICAL TERM
Topical term or geographic name entry element Malayalam LiteratuireMalayalam Novels
942 ## - ADDED ENTRY ELEMENTS (KOHA)
Koha item type BOOK
650 ## - SUBJECT ADDED ENTRY--TOPICAL TERM
Form subdivision Malayalam
Holdings
Withdrawn status Lost status Source of classification or shelving scheme Damaged status Not for loan Home library Current library Date acquired Cost, normal purchase price Full call number Barcode Shelving location Date last seen Price effective from Koha item type
    Dewey Decimal Classification     SB LIBRARY SB LIBRARY 18/11/2021 33.00 894.8123 KOC-K 00103621 GENERAL STACK 18/11/2021 18/11/2021 BOOK

Powered by Koha